Chinese city name puzzle - Statistics

General Stats
  • This quiz has been taken 64 times
  • The average score is 12 of 18
Answer Stats
Hint Answer % Correct
Hong Kong
88%
Bei jing
86%
Lha sa
84%
Chong qing
80%
Qing dao
76%
Cheng du
76%
Guang zhou
74%
Wuh an
72%
Mac ao
72%
Urum qi
72%
Shan ghai
70%
Shen zhen
68%
Tang shan
58%
Gui yang
56%
Xi amen
54%
Fos han
52%
Nan ning
48%
Wu xi
40%
No matching quizzes found
Score Distribution
Percent of People with Each Score
Percentile by Number Answered
Your Score History
You have not taken this quiz